000 00321 a2200157 4500
001 172014
020 _a
040 _cMagnum
100 _aBotelho, Mariza Andrade Maia
240 1 0 _aO caraoco
_lpor
245 1 0 _aO caraoco
300 _a63
362 0 _a1991
697 _aLITERATURA INFANTO-JUVENIL
942 _cBK
999 _c172014
_d172014